000 01399nam a2200229Ia 4500
003 Ost
005 20260507075220.0
008 260507s9999||||xx |||||||||||||| ||und||
040 _cfsecg
041 _aara
082 _a330
100 _aالسواعي، خالد محمد
_eمؤلف
245 0 _aالتجارة الدولية :
_bالنظرية و تطبيقاتها /
_c خالد محمد السواعي
260 _aاربد:
_bعالم الكتب الحديث,
_c2010
300 _a308 صفحة؛
_bإيضاحات ؛
_c24 سم
504 _aمراجع ص.305
520 _aعالم الإقتصاد الدولي- أدوات تحليل نماذج التجارة الدولية- إنتاجية العمل والمزايا النسبية (نموذج ريكاردو)- التجارة وتوزيع الدخل المحلي(نموذج العوامل النوعية)- النموذج المعياري للتجارة الدولية- وفرة عناصر الإنتاج(نموذج هكشر-أولين)- تطورات نظرية التجارة الدولية- النمو الإقتصادي والتجارة الدولية- التجارة الدولية والتنمية الإقتصادية- حركة عناصر الإنتاج الدولية.
653 _aالاقتصاد الدولي
653 _aالتجارة الخارجية
653 _aالتجارة الدولية
942 _cكتاب
999 _c43517
_d43517